Business revolution : What is the membership economy?.

The membership economy is upending how businesses are structured and how they deliver value to customers.

Bibliographic Details
Format: Video
Language:English
Language Notes:In English.
Published: [Place of publication not identified] : Big Think, 2020.
Subjects:
Online Access:Connect to this streaming video (Alexander Street Press)

MARC

Tag First Indicator Second Indicator Subfields
LEADER 00000cgm a2200000Mi 4500
001 in00005586972
006 m o c
007 cr |n||||||||a
007 vz |za|z|
008 220822s2020 xx 006 e o vneng d
005 20241201233104.3
035 |a (OCoLC)on1347494556 
040 |a ALSTP  |b eng  |e rda  |c ALSTP  |d OCLCF  |d OCLCO 
035 |a (OCoLC)1347494556 
049 |a TXAM 
245 0 0 |a Business revolution :  |b What is the membership economy?. 
246 3 0 |a What is the membership economy? 
264 1 |a [Place of publication not identified] :  |b Big Think,  |c 2020. 
300 |a 1 online resource (6 minutes) 
306 |a 000501 
336 |a two-dimensional moving image  |b tdi  |2 rdacontent 
337 |a computer  |b c  |2 rdamedia 
337 |a video  |b v  |2 rdamedia 
338 |a online resource  |b cr  |2 rdacarrier 
347 |a video file  |2 rdaft 
500 |a Title from resource description page (viewed September 14, 2022). 
520 |a The membership economy is upending how businesses are structured and how they deliver value to customers. 
546 |a In English. 
650 0 |a Customer clubs. 
650 0 |a Marketing. 
650 0 |a Customer relations. 
650 6 |a Clubs de gros (Marketing) 
650 6 |a Marketing. 
650 7 |a Customer clubs  |2 fast 
650 7 |a Customer relations  |2 fast 
650 7 |a Marketing  |2 fast 
655 7 |a Educational films  |2 fast 
655 7 |a Short films  |2 fast 
655 7 |a Educational films.  |2 lcgft 
655 7 |a Short films.  |2 lcgft 
655 7 |a Films éducatifs.  |2 rvmgf 
655 7 |a Courts métrages.  |2 rvmgf 
700 1 |a Baxter, Robbie Kellman,  |e on-screen presenter. 
710 2 |a Big Think,  |e publisher. 
856 4 0 |u http://proxy.library.tamu.edu/login?url=https://www.aspresolver.com/aspresolver.asp?MARC;5193676  |z Connect to this streaming video (Alexander Street Press)  |t 0 
955 |a Alexander Street Press subscription streaming video 
994 |a 92  |b TXA 
999 f f |s 75a85bb6-65ba-4916-8d44-eadd58eb3620  |i 2400e15a-7c11-4f91-b911-55b2165de146  |t 0 
952 f f |a Texas A&M University  |b College Station  |c Electronic Resources  |d Available Online  |t 0  |h Library of Congress classification 
998 f f |t 0  |l Available Online